| 000 | 00363nam a22001217a 4500 | ||
|---|---|---|---|
| 008 | 230615b |||||||| |||| 00| 0 eng d | ||
| 022 | _a0973-1822 | ||
| 040 |
_aNational Science Library _cNational Science Library |
||
| 245 | _aIndian journal of fertilisers | ||
| 260 |
_aNew Delhi: _bThe Fertiliser Association of India, _c2005 |
||
| 310 | _aMonthly | ||
| 942 | _cCR | ||
| 999 |
_c43619 _d43619 |
||